La evaluación del trabajo escolar
Збережено в:
| Автор: | |
|---|---|
| Формат: | Книга |
| Мова: | Іспанська |
| Опубліковано: |
Santiago
Universitaria
1963
|
| Редагування: | 2a. ed |
| Предмети: | |
| Теги: |
Додати тег
Немає тегів, Будьте першим, хто поставить тег для цього запису!
|
MARC
| LEADER | 00000nam a2200000 a 4500 | ||
|---|---|---|---|
| 001 | UCU0858 | ||
| 003 | CL-VaPUC | ||
| 008 | 960329e19630000CL |||||||||||||||||spa|d | ||
| 082 | 0 | 4 | |a 371.26 |b CEB |2 21 |
| 100 | 0 | |a Cebollero, Pedro A |e author |9 356306 | |
| 245 | 1 | 3 | |a La evaluación del trabajo escolar |
| 250 | |a 2a. ed | ||
| 300 | |a 92 p | ||
| 942 | |c BK | ||
| 945 | |d 19960329 00:00:00 |a cmena | ||
| 260 | |a Santiago |b Universitaria |c 1963 | ||
| 650 | 0 | |a Evaluación de la educación |9 237505 | |
| 650 | 0 | |a Exámenes |9 340201 | |
| 650 | 7 | |a CALIFICACIONES |2 CL-VaPUC |9 356307 | |
| 650 | 0 | |a Gestión educacional |9 261035 | |
| 650 | 7 | |a MEDICION EDUCACIONAL |2 CL-VaPUC |9 343534 | |
| 583 | |a last modification |c 19960329 00:00:00 |k Rodrigo Vera | ||
| 999 | |c 245641 |d 245639 | ||
| 952 | |0 0 |1 0 |4 0 |6 371_260000000000000_CEB_1963 |7 0 |8 P |9 260216 |a BIBEDU |b BIBEDU |c BIBEDU_PB |d 2019-11-19 |i 1635085 |o 371.26 CEB 1963 |p 1635085 |r 2024-01-25 |w 2019-11-19 |y BK |k EDU | ||